000 00835nam a2200277 a 4500
001 1286
003 BR-CuiBMT
005 20231204185333.0
008 231204s2013 dfba 000 0 por d
020 _a9788570184757
040 _aBR-CuiBMT
_cBR-CuiBMT
080 _22007
_a94
_x(81)
090 _a94(81)
_bC355n
100 1 _aCastro, Chico
245 2 _aA noite das garrafadas /
_cChico Castro.
260 _aBrasília :
_bSenado Federal,
_c2013.
300 _a258 p.:
_bil.
_c23 cm
490 _aEdições do Senado Federal ;
_vv. 173
504 _aInclui bibliografia.
650 _aConfederação do Equador (1824)
650 _aGarrafadas (1831)
_xhistória
_zBrasil
650 _aGuerra da cisplatina
650 _aPrimeiro Reinado (1822-1831)
_zBrasil
830 0 _aEdições do Senado Federal ;
_v173
942 _2udc
_cLV
999 _c1286
_d1286